| 000 | 01399cam a22004097a 4500 | ||
|---|---|---|---|
| 003 | CHAP | ||
| 005 | 20220817041734.0 | ||
| 008 | 971013s1994 r 00010 d | ||
| 010 | _a23018 | ||
| 011 | _a23990 | ||
| 035 | _a28087 | ||
| 040 | _cCHAP | ||
| 082 |
_a614.3 _bC66 1994 v.11 |
||
| 110 |
_aFAO. Comisión del Codex Alimentarius _939482 |
||
| 245 | 0 |
_aCodex alimentarius _b: sugar, cocoa products and chocolate and miscellaneous products |
|
| 250 | _a2 ed. | ||
| 260 |
_aRome : _bFAO, _c1994 |
||
| 300 | _a205 p. | ||
| 410 | 2 | _aFAO | |
| 490 | 0 |
_aPrograma conjunto FAO/OMS sobre normas alimentarias _v; 11 |
|
| 590 |
_aBATCH-UPD _b10 _c20130110 _lUCH01 _h0055 |
||
| 590 |
_aBATCH-UPD _b10 _c20130110 _lUCH01 _h1356 |
||
| 590 |
_aBATCH-UPD _b10 _c20130410 _lUCH01 _h0850 |
||
| 590 |
_aBATCH-UPD _b10 _c20130913 _lUCH01 _h2009 |
||
| 590 |
_aBATCH-UPD _b10 _c20130914 _lUCH01 _h0927 |
||
| 590 |
_aCONVERSION _b10 _c20130109 _lUCH01 _h1313 |
||
| 650 | 1 | 4 |
_aAditivos alimenticios. _9907 |
| 650 | 1 | 4 |
_aAzúcar _xAnálisis y pruebas. _99134 |
| 650 | 1 | 4 |
_aAzúcar _xNormas de calidad. _99169 |
| 650 | 1 | 4 |
_aChocolate _xNormas de calidad. _922818 |
| 650 | 1 | 4 |
_aCocoa _xNormas de calidad. _924283 |
| 810 | 0 | _aFAO | |
| 830 | 0 |
_aPrograma conjunto FAO/OMS sobre normas alimentarias _v; 11 _992254 |
|
| 901 | _aBK | ||
| 942 | _cLIBRO | ||
| 949 |
_a614.3 C66 1994 v.11 _bBC _cFAO _d-64790 _eFAO1 _h87616 _i28087 _si |
||
| 999 |
_c23018 _d23018 |
||